Statistics for Countries with a 'U' in their name:

Click here to take the quiz!

General Stats

  • This quiz has been taken 101 times
  • The average score is 42 of 55

Answer Stats

HintAnswer% Correct
United Kingdom
100%
United States of America
96%
Austria
94%
Australia
94%
United Arab Emirates
93%
Uruguay
92%
Turkey
89%
Guinea
88%
Uzbekistan
88%
South Sudan
88%
RRussia
88%
South Korea
87%
NNauru
84%
Sudan
84%
South Africa
84%
Hungary
83%
Venezuela
83%
VVanuatu
82%
Guinea Bissau
81%
Ukraine
81%
PPalau
81%
Paraguay
81%
HHonduras
81%
Turkmenistan
80%
UUganda
80%
Belgium
80%
Bhutan
80%
Equatorial Guinea
78%
TTunisia
78%
Tuvalu
78%
KKuwait
77%
Papua New Guinea
76%
EEcuador
76%
Burundi
75%
Bulgaria
73%
Mauritius
73%
CCuba
73%
LLithuania
71%
GGuatemala
71%
DDjibouti
70%
Guyana
70%
Portugal
70%
Peru
69%
Luxembourg
67%
BBelarus
66%
AAntigua
66%
Suriname
66%
Brunei
63%
Saudi Arabia
61%
Burkina Faso
60%
Nicaragua
60%
SSaint Lucia
51%
Mozambique
48%
Cyprus
47%
MMauritania
37%

Score Distribution

Percentile by Number Answered

Percent of People with Each Score

Your Score History

You have not taken this quiz